00621cam a2200181 a 450000100100000000500170001000800410002702000150006804000290008305000220011208200130013410000230014724500660017026000660023630000210030250400760032365000400039900001830620200929165440.0741220s1974 xxc b 000 0 fre d a0840502559 aDO-SdBNPbfrecLCdBNPHU00aKEQ867b.C48 1974 ann*bnn*1 aCharles, Réjane.13aLe zonage au Quebec :bun mort en sursis /cRéjane Charles. aMontréal :bPresses de l'Université de Montréal,c1974. a171 p. ;c22 cm. aIncluye notas al píe de las páginas y bibliografía: p. [165]-168. 0aZoning lawzQuebec (Province{Rpara}